000 00256nam a2200085Ia 4500
245 0 _aEncyclopedia of the life course and human development
100 _a Carr, Deborah S. Detroit, [c.2009]
942 _cBK
008 210817s9999 xx 000 0 und d
999 _c259813
_d259812